Chuť kávy láka aj z fotografií

Lavazza - najväčšia kávová firma v Taliansku. Vznik firmy v 19. storočí. Jednotka na domácom trhu, šiesty najväčší nákupca zelených kávových zŕn na svete. Svetový pojem - kalendár Lavazza. Centrum Luigiho Lavazzu pre štúdium a výskum kávy.

Salvato in:
Dettagli Bibliografici
Autore principale: Hlubina, Palo
Natura: Capitolo di libro
Lingua:slovacco
Soggetti:
Tags: Aggiungi Tag
Nessun Tag, puoi essere il primo ad aggiungerne!!

MARC

LEADER 00000naa$a2200000$$$4500
001 0111841
005 20231009103051.7
041 0 |a slo 
044 |a SK 
245 1 0 |a Chuť kávy láka aj z fotografií  |c Palo Hlubina 
520 |a Lavazza - najväčšia kávová firma v Taliansku. Vznik firmy v 19. storočí. Jednotka na domácom trhu, šiesty najväčší nákupca zelených kávových zŕn na svete. Svetový pojem - kalendár Lavazza. Centrum Luigiho Lavazzu pre štúdium a výskum kávy. 
610 2 0 |a káva 
610 2 0 |a firmy 
610 2 0 |a obchod zahraničný 
610 2 0 |a výroba 
610 2 0 |a Taliansko 
100 1 |a Hlubina, Palo